000 00674 a2200241 4500
001 112170
020 _a9780736420655 (pbk.)
041 _apor
090 _aNursery 398
250 _a. ed.
300 _a[24] p.
490 _aRandom House pictureback book
697 _aFairy tales.
697 _aFolklore - France.
697 _aPicture books for children.
830 _aRandom House pictureback book
856 _u000020/00002047.jpg
040 _aBR-BrIDEA
_cBR-BrIDEA
245 1 0 _aBeauty and the beast
_cillustrated by Disney Storybook Artists
260 _a[S.l.]
_bRandom House
_c2010
700 _aDisney Storybook Artists
_eIllustrated
942 _cBK
999 _c112170
_d112170